[Event "2nd SCS Open"]
[Site "Bhubaneswar IND"]
[Date "2010.05.22"]
[Round "1"]
[White "Sriram,J"]
[Black "Darpan,I"]
[Result "1-0"]
[WhiteElo "2507"]
[BlackElo "1962"]

1.d4 Nf6 2.c4 e6 3.Nf3 Bb4+ 4.Bd2 Qe7 5.g3 Nc6 6.Nc3 d6 7.d5 Nb8 8.Qa4+ Nbd7
9.Qxb4 e5 10.Bg2 O-O 11.O-O Nc5 12.Qa3 Bg4 13.h3 Bh5 14.Nh4 Rfe8 15.b4 Ncd7
16.Nf5 Qf8 17.e4 Bg6 18.Qb3 a5 19.a3 b6 20.Rfe1 h6 21.Nb5 Rec8 22.h4 Kh7
23.Bh3 axb4 24.Bxb4 Bxf5 25.Bxf5+ g6 26.Bh3 Qd8 27.Qf3 Kg7 28.a4 Ra6 29.Ra3 Rca8
30.Rea1 Nc5 31.Bxc5 bxc5 32.Qe2 Qe7 33.Qc2 Ra5 34.Re1 h5 35.Nc3 R5a7 36.Rb3 Nd7
37.Bxd7 Qxd7 38.Reb1 Qc8 39.Rb5 Kh7 40.Qc1 Kg7 41.Qg5 f6 42.Qd2 Kh7 43.Kg2 Kg7
44.Qb2  1-0

[Event "2nd SCS Open"]
[Site "Bhubaneswar IND"]
[Date "2010.05.24"]
[Round "4"]
[White "Turov,M"]
[Black "Venkatesh,M"]
[Result "1-0"]
[WhiteElo "2624"]
[BlackElo "2452"]

1.d4 Nf6 2.c4 e6 3.Nf3 Bb4+ 4.Bd2 a5 5.g3 d5 6.Qc2 c5 7.cxd5 cxd4 8.Nxd4 O-O
9.Bg2 Qb6 10.Bxb4 axb4 11.Qd3 Nxd5 12.Nd2 Nc6 13.Nxc6 bxc6 14.O-O Ba6 15.Nc4 Qc5
16.Rfc1 Bb5 17.e4 Nf6 18.Qd6 Qg5 19.h4 Qg4 20.Ne3 Qe2 21.Rc2 Qd3 22.Qxb4 Ra4
23.Qe7 Qd8 24.Qxd8 Rxd8 25.b3 Ra3 26.Rd1 Rda8 27.Rdd2 Kf8 28.f3 Ke7 29.Nd1 Rd8
30.Rxd8 Kxd8 31.Nc3 Ba6 32.Bf1 Nd7 33.Na4 Bb5 34.Bxb5 cxb5 35.Nc3 Ra5 36.b4 Ra3
37.Kf2 Ne5 38.Ke2 f6 39.Nxb5 Rxf3 40.Rc3 Rxc3 41.Nxc3 Kc7 42.a4 Kb6 43.Ke3 Nc6
44.a5+ Kc7 45.Nb5+ Kc8 46.Nd4 Nxb4 47.Nxe6 g6 48.Nf8 Nc6 49.a6 Nb4 50.a7 Kb7
51.Nxh7  1-0

[Event "2nd SCS Open"]
[Site "Bhubaneswar IND"]
[Date "2010.05.24"]
[Round "4"]
[White "Ovetchkin,R"]
[Black "Kaiyrbekov,R"]
[Result "1/2-1/2"]
[WhiteElo "2519"]
[BlackElo "2386"]

1.d4 Nf6 2.Nf3 e6 3.c4 Bb4+ 4.Bd2 Qe7 5.g3 Nc6 6.Nc3 Bxc3 7.Bxc3 Ne4 8.Rc1 d6
9.Bg2 Nxc3 10.Rxc3 e5 11.d5 Nb8 12.O-O a5 13.c5 O-O 14.cxd6 cxd6 15.Nd2 Na6
16.Nc4 Qd8 17.Qb3 Nc5 18.Qb6 Na4 19.Qxd8 Rxd8 20.Rc2 b5 21.Nd2 Nc5 22.f4 exf4
23.Rxf4 Bd7 24.Nf3 b4 25.Nd4 Rdb8 26.Rd2 Rb6 27.Nc6 f6 28.g4 h6 29.h4 Raa6
30.Bf3 Kf7 31.g5 hxg5 32.hxg5 Bxc6 33.dxc6 Rxc6 34.Bd5+ Ke7 35.gxf6+ gxf6
36.Bxc6 Rxc6 37.b3 Ke6 38.Rc4 Rb6 39.Rdd4 Ke5 40.Rh4 Rb8 41.Rh7 f5 42.Re7+ Kf6
43.Ra7 Rb5 44.Kf2 Ne4+ 45.Ke3 Nc3 46.Kf3 Nxa2 47.Rc6 Ke6 48.Rca6 Nc1 49.Rxa5 Rxa5
50.Rxa5 Nxb3 51.Ra4 Nd4+ 52.Ke3 Nc6 53.Ra6  1/2-1/2

[Event "2nd SCS Open"]
[Site "Bhubaneswar IND"]
[Date "2010.05.24"]
[Round "5"]
[White "Bocharov,D"]
[Black "Satyapragyan,S"]
[Result "1/2-1/2"]
[WhiteElo "2592"]
[BlackElo "2463"]

1.d4 Nf6 2.Nf3 e6 3.c4 Bb4+ 4.Bd2 c5 5.Bxb4 cxb4 6.g3 O-O 7.Bg2 d6 8.O-O a5
9.a3 Nc6 10.axb4 Nxb4 11.Nc3 b6 12.Ne1 Rb8 13.Nd3 Nxd3 14.Qxd3 Ba6 15.b3 d5
16.Nd1 dxc4 17.bxc4 Rc8 18.Ne3 Nd5 19.Rfc1 Nxe3 20.fxe3 Qc7 21.Qd2 Bxc4 22.Ra4 b5
23.Rxa5 Qb6 24.Rca1 Qd8 25.Ra7 Qg5  1/2-1/2

[Event "2nd SCS Open"]
[Site "Bhubaneswar IND"]
[Date "2010.05.25"]
[Round "6"]
[White "Lafuente,P"]
[Black "Kaiyrbekov,R"]
[Result "1-0"]
[WhiteElo "2587"]
[BlackElo "2386"]

1.d4 Nf6 2.Nf3 e6 3.c4 Bb4+ 4.Bd2 Qe7 5.g3 Nc6 6.Nc3 Bxc3 7.Bxc3 Ne4 8.Qc2 Nxc3
9.Qxc3 O-O 10.Bg2 d6 11.d5 Nb8 12.dxe6 fxe6 13.Nd4 e5 14.Qe3 c6 15.O-O Qf7
16.Nf3 Qxc4 17.Ng5 Bf5 18.Rfd1 h6 19.Nf3 Qe6 20.Nh4 Bh7 21.Qa3 d5 22.Qb3 e4
23.Qxb7 Nd7 24.Rac1 Ne5 25.f4 exf3 26.Nxf3 Rab8 27.Qxa7 Rxb2 28.Nd4 Qe8 29.Rf1 Rxf1+
30.Rxf1 Bg6 31.Bh3 Nc4 32.Be6+ Kh7 33.Qc5 Rb1 34.Rxb1 Bxb1 35.a4 Qh5 36.Qf8  1-0

[Event "XXIX Open A"]
[Site "Zalakaros HUN"]
[Date "2010.05.26"]
[Round "1"]
[White "Kabai,Z"]
[Black "Horvath,Gy1"]
[Result "1/2-1/2"]
[WhiteElo "2130"]
[BlackElo "2367"]

1.d4 Nf6 2.c4 e6 3.Nf3 Bb4+ 4.Bd2 Qe7 5.g3 Nc6 6.Bg2 Bxd2+ 7.Nbxd2 d6 8.O-O a5
9.e4 e5 10.d5 Nb8 11.b3 O-O 12.Ne1 Bg4 13.f3 Bd7 14.Nd3 c6 15.a4 Na6 16.Qe2 Rfe8
17.Qf2 cxd5 18.exd5 Bf5 19.Ne4 Bxe4 20.fxe4 Nd7 21.Qe3 Ndc5 22.Nxc5 Nxc5
23.Bh3 Ra6 24.Rac1 Rb6 25.Rc3 g6 26.Kg2 Kg7 27.Bg4 h6 28.h4 Rf8 29.Rf2 Ra6
30.Qe2 Rb6 31.Qc2 Ra6 32.Qe2 Rb6 33.Qc2  1/2-1/2

[Event "Maia Chiburdanidze Cup"]
[Site "Tbilisi GEO"]
[Date "2010.05.29"]
[Round "5"]
[White "Arabidze,M"]
[Black "Khurtsidze,N"]
[Result "0-1"]
[WhiteElo "2298"]
[BlackElo "2448"]

1.d4 Nf6 2.c4 e6 3.Nf3 Bb4+ 4.Bd2 Qe7 5.g3 O-O 6.Bg2 Bxd2+ 7.Qxd2 d6 8.Nc3 e5
9.O-O Re8 10.e4 Bg4 11.d5 Bxf3 12.Bxf3 a5 13.a3 Na6 14.Qc2 c6 15.Bg2 cxd5
16.cxd5 Qd7 17.Qe2 Nc5 18.f4 exf4 19.Rxf4 Qe7 20.Raf1 Ncd7 21.Nb5 Ne5 22.Nd4 Nfd7
23.Nf5 Qf8 24.b4 axb4 25.axb4 Rec8 26.Bh3 Rc7 27.Nd4 Qe7 28.Nf5 Qf8 29.Nd4 Qd8
30.Qh5 Nf8 31.Rh4 Neg6 32.Rg4 Rc4 33.Nf5 Rxb4 34.e5 Qb6+ 35.Kh1 Rxg4 36.Qxg4 Qb2
37.Qe4 dxe5 38.Bg2 Ra1 39.h4 h5 40.d6 Rxf1+ 41.Bxf1 Nd7 42.Ne7+ Kh7 43.Qf5 Nf6
44.d7 Qd4 45.Bh3 Qd6 46.Nxg6 fxg6 47.Qe6 Qd1+ 48.Kh2 Qd2+ 49.Kh1 Ne4 50.Qb6 Nxg3+
51.Kg1 Ne2+ 52.Kf1 Qd1+ 53.Kg2 Nf4+ 54.Kh2 Qe2+ 55.Kh1 Qf3+  0-1

[Event "XXIX Open A"]
[Site "Zalakaros HUN"]
[Date "2010.05.31"]
[Round "6"]
[White "Kaczur,F"]
[Black "Borsos,B"]
[Result "1/2-1/2"]
[WhiteElo "1948"]
[BlackElo "2334"]

1.d4 Nf6 2.c4 e6 3.Nf3 Bb4+ 4.Bd2 Be7 5.Nc3 d5 6.Bg5 h6 7.Bh4 O-O 8.e3 b6
9.cxd5 Nxd5 10.Bxe7 Qxe7 11.Nxd5 exd5 12.Rc1 Rd8 13.Qc2 c6 14.Bd3 Qb4+ 15.Qc3 Qxc3+
16.Rxc3 Bb7 17.O-O Nd7 18.Bf5 g6 19.Bxd7 Rxd7 20.Rfc1 f6 21.a4 a5 22.Rb1 Rc7
23.g3 Bc8 24.b4 Bf5 25.Rb2 axb4 26.Rxb4 Ra6 27.Nh4 c5 28.Nxf5 cxb4 29.Nxh6+ Kh7
30.Rxc7+ Kxh6 31.Rc6 b3 32.Rc3 b5 33.Rxb3 bxa4 34.Ra3 Kg5 35.Kf1 Kg4 36.Kg2 Kf5
37.h4 g5 38.h5 g4 39.f3 Rb6 40.fxg4+ Kxg4 41.h6 Rb2+ 42.Kf1 Kf3 43.Ke1 Rh2
44.Rxa4 Kxe3 45.Kf1 Rxh6 46.Kg2 f5 47.Ra1 Rb6 48.Rf1 Rb2+ 49.Kg1 Kxd4 50.Rxf5 Ke4
51.Rf2 Rb3 52.Kf1 Rxg3 53.Ke1 d4 54.Kd2 Ra3 55.Re2+ Kd5 56.Kd1 Kc4 57.Rc2+ Rc3
58.Rh2 Rd3+ 59.Kc2 Ra3 60.Rh8 Ra2+ 61.Kc1 Kc3 62.Rc8+ Kd3 63.Rd8 Rg2 64.Rd7 Rf2
65.Rd8 Rf1+ 66.Kb2 Ke3 67.Kc2 Rf2+ 68.Kd1 Kd3 69.Kc1 Rc2+ 70.Kd1 Rh2 71.Kc1 Rh1+
72.Kb2 Rh4 73.Kc1 Rh1+ 74.Kb2 Re1 75.Rd7 Re4 76.Kc1 Ke2 77.Kc2 Ke3 78.Rd8 Re7
79.Rd6 Rc7+ 80.Kd1 Kd3 81.Rd8 Kc3 82.Kc1 Rc5 83.Rd7 Ra5 84.Rc7+ Kd3 85.Rd7 Ra1+
86.Kb2 Rd1 87.Rh7 Rd2+ 88.Kc1 Re2 89.Rd7 Re1+ 90.Kb2 Re4 91.Kc1 Rf4 92.Rd8 Ke3
93.Re8+ Kd3 94.Rd8 Re4 95.Rd7 Ke3 96.Kc2 Re8 97.Rd6 Rc8+ 98.Kd1 d3 99.Re6+ Kd4
100.Rd6+ Kc3 101.Rd7 Rc4 102.Rd8 Re4 103.Rc8+ Kd4 104.Rd8+ Ke3 105.Rd7 Rh4
106.Re7+ Re4 107.Rxe4+ Kxe4 108.Kd2 Kd4 109.Kd1 Ke3 110.Ke1 d2+ 111.Kd1 Kd3  1/2-1/2

[Event "FSIMA June"]
[Site "Budapest HUN"]
[Date "2010.06.05"]
[Round "1"]
[White "Gretarsson,Hj"]
[Black "Kett,T"]
[Result "1-0"]
[WhiteElo "2394"]
[BlackElo "2223"]

1.d4 Nf6 2.c4 e6 3.Nf3 Bb4+ 4.Bd2 c5 5.Bxb4 cxb4 6.Nbd2 O-O 7.e3 d6 8.Bd3 Nc6
9.O-O e5 10.Qc2 Bg4 11.Rfd1 Qe7 12.d5 Nb8 13.Be2 Nbd7 14.a3 bxa3 15.Rxa3 a5
16.Rda1 e4 17.Nd4 Bxe2 18.Nxe2 Nc5 19.Ng3 Rae8 20.Rxa5 Ng4 21.h3 Nxf2 22.Kxf2 Qh4
23.Nf1 f5 24.Kg1 g5 25.Rxc5 dxc5 26.d6 Rd8 27.Qd2 f4 28.Qd5+ Kh8 29.Nf5  1-0

[Event "9th TCh-BIH Premier"]
[Site "Bihac BIH"]
[Date "2010.06.11"]
[Round "7"]
[White "Muratovic,Ef"]
[Black "Perunovic,Mil"]
[Result "0-1"]
[WhiteElo "2311"]
[BlackElo "2574"]

1.Nf3 Nf6 2.c4 e6 3.d4 Bb4+ 4.Bd2 c5 5.g3 b6 6.Bg2 Bb7 7.O-O O-O 8.d5 Bxd2
9.Nh4 Ne4 10.Qxd2 exd5 11.Qf4 g5 12.Qg4 h5 13.Qxh5 gxh4 14.cxd5 Qg5 15.Qf3 Bxd5
16.gxh4 Qf6 17.Qh5 Bc6 18.f3 Nd6 19.e4 Na6 20.Rf2 Qg6 21.Qe5 Nb4 22.h5 Qe6
23.Qg3+ Kh7 24.Rd2 Nc4 25.Bh3 Qh6  0-1

[Event "1st Open"]
[Site "Di Roseto ITA"]
[Date "2010.06.11"]
[Round "8"]
[White "Salvador,R"]
[Black "Romanishin,O"]
[Result "1/2-1/2"]
[WhiteElo "2485"]
[BlackElo "2519"]

1.d4 Nf6 2.Nf3 e6 3.c4 Bb4+ 4.Bd2 c5 5.Bxb4 cxb4 6.a3 Qe7 7.e3 b6 8.Be2 Bb7
9.O-O Na6 10.a4 O-O 11.Nbd2 d6 12.a5 e5 13.Nb3 Rfc8 14.axb6 axb6 15.Nbd2 h6
16.Re1 e4 17.Nh4 g6 18.g3 Nc7 19.Qb3 d5 20.f3 Kg7 21.Rxa8 Bxa8 22.fxe4 Nxe4
23.Nxe4 dxc4 24.Qxc4 Bd5 25.Qc1 Qxe4 26.Bf3 Qe8 27.e4 Bb7 28.Qe3 Qb5 29.Ng2 Ne6
30.Bg4 Re8 31.h4 Qc4 32.Rd1 Qc2 33.d5 Nc5 34.Qd4+ Kg8 35.e5 h5 36.Ne3 Qe4  1/2-1/2

[Event "Open"]
[Site "Teplice CZE"]
[Date "2010.06.13"]
[Round "2"]
[White "Spirin,O"]
[Black "Charleshouse,G"]
[Result "1-0"]
[WhiteElo "2462"]
[BlackElo "2174"]

1.d4 Nf6 2.Nf3 e6 3.c4 Bb4+ 4.Bd2 Qe7 5.g3 Nc6 6.Nc3 Bxc3 7.Bxc3 Ne4 8.Rc1 O-O
9.Bg2 d6 10.d5 Nd8 11.Nd2 Nxc3 12.Rxc3 e5 13.c5 f5 14.cxd6 cxd6 15.O-O Nf7
16.Qb3 b6 17.Qa3 Bb7 18.Rfc1 Rfc8 19.e4 Rxc3 20.Rxc3 fxe4 21.Bxe4 Qd8 22.h4 b5
23.Qb3 Qb6 24.Qc2 h6 25.b4 Qd8 26.Qd3 Rc8 27.Rxc8 Qxc8 28.Qxb5 g5 29.Qc4 Kf8
30.Qxc8+ Bxc8 31.Nc4 Ke7 32.Na5 Nd8 33.Kg2 gxh4 34.gxh4 Bd7 35.Kf3 Kf6 36.Ke3 Ke7
37.Bd3 Bc8 38.b5 Bb7 39.Nc6+ Kd7 40.Ke4 a6 41.Nxd8 Kxd8 42.bxa6 Ba8 43.a4 Kc7  1-0

[Event "14th Master Open"]
[Site "Voronezh RUS"]
[Date "2010.06.15"]
[Round "4"]
[White "Jumabayev,R"]
[Black "Ozolin,M"]
[Result "1-0"]
[WhiteElo "2557"]
[BlackElo "2398"]

1.d4 Nf6 2.c4 e6 3.Nf3 Bb4+ 4.Bd2 Qe7 5.g3 Nc6 6.Nc3 Bxc3 7.Bxc3 Ne4 8.Rc1 O-O
9.Bg2 d6 10.d5 Nxc3 11.Rxc3 Nb8 12.dxe6 fxe6 13.O-O Nd7 14.Nd4 Nf6 15.Qd2 e5
16.Nc2 Be6 17.Ne3 c6 18.Rd3 Rad8 19.Rd1 Ne8 20.b3 Qf6 21.Qe1 Rd7 22.R1d2 Rdf7
23.Nd1 Bg4 24.e3 Bf5 25.e4 Bg4 26.Ne3 Be6 27.Qf1 Qg6 28.Qc1 Rf6 29.c5 dxc5
30.Qxc5 Qf7 31.Nf5 Bxf5 32.exf5 b6 33.Qe3 Rxf5 34.Bxc6 Nf6 35.Rd8 Qc7 36.Qd3 g6
37.Qc4+ Qf7 38.Rxf8+ Kxf8 39.Rd8+ Ke7 40.Qxf7+ Kxf7 41.Ra8 Ke6 42.Rxa7 Kd6
43.Bg2 g5 44.Rb7 e4 45.Rxb6+ Kc5 46.Re6 Kd5 47.Ra6 Kd4 48.Rd6+ Ke5 49.Rd8 Ke6
50.Rd4 Re5 51.Bf1 Kf5 52.a4 h5 53.b4 h4 54.a5 hxg3 55.hxg3 g4 56.a6 Re7 57.b5 Ke5
58.Rd1 Nd5 59.Be2 Rg7 60.Ra1 Nc3 61.Bf1  1-0

[Event "Open"]
[Site "Teplice CZE"]
[Date "2010.06.16"]
[Round "5"]
[White "Klement,L"]
[Black "Dolezal,Ra1"]
[Result "1/2-1/2"]
[WhiteElo "2181"]
[BlackElo "2429"]

1.d4 Nf6 2.c4 e6 3.Nf3 Bb4+ 4.Bd2 Qe7 5.a3 Bxd2+ 6.Qxd2 d6 7.Nc3 O-O 8.e4 e5
9.dxe5 dxe5 10.Rd1 Bg4 11.Be2 Nc6 12.Nd5 Nxd5 13.cxd5 Bxf3 14.Bxf3 Nd4 15.Qd3 Rad8
16.O-O Rd6 17.Bg4 Qh4 18.h3 Qe7 19.f4 f6 20.Qc4 g6 21.Rc1 h5 22.fxe5 fxe5
23.Rxf8+ Kxf8 24.Be6 Nxe6 25.dxe6 Rxe6 26.Qxc7 Qxc7 27.Rxc7 Re7 28.Rc8+ Kf7
29.Kf2 Rd7 30.Ke3 a6 31.h4 Ke6 32.Rg8 Kf7 33.Rh8 Ke6 34.Rg8 Kf7 35.Rh8 Ke6
36.Rg8  1/2-1/2

[Event "14th Master Open"]
[Site "Voronezh RUS"]
[Date "2010.06.16"]
[Round "5"]
[White "Grigoryan,Av"]
[Black "Ajrapetian,G"]
[Result "1-0"]
[WhiteElo "2576"]
[BlackElo "2434"]

1.d4 Nf6 2.c4 e6 3.Nf3 Bb4+ 4.Bd2 c5 5.Bxb4 cxb4 6.Qd3 d6 7.g4 h6 8.Rg1 b6
9.h4 Bb7 10.g5 hxg5 11.hxg5 Ne4 12.d5 Nc5 13.Qe3 Qe7 14.g6 f6 15.Nd4 exd5
16.Qxe7+ Kxe7 17.Nf5+ Kf8 18.Nxd6 Nc6 19.Nxb7 Nxb7 20.Bg2 Nd4 21.Kd1 Nc5
22.e3 Nf5 23.Nd2 Rd8 24.cxd5 Ne7 25.Ke2 Nxd5 26.Nb3 Ne6 27.Rac1 Ke7 28.Rc4 Rh2
29.Nd2 b5 30.Rc2 f5 31.Bxd5 Rxd5 32.Nf3 Rh6 33.Rc6 a6  1-0

[Event "14th Master Open"]
[Site "Voronezh RUS"]
[Date "2010.06.16"]
[Round "5"]
[White "Tunik,G"]
[Black "Zaiatz,E"]
[Result "1/2-1/2"]
[WhiteElo "2484"]
[BlackElo "2392"]

1.d4 Nf6 2.c4 e6 3.Nf3 Bb4+ 4.Bd2 a5 5.g3 d6 6.Bg2 Nc6 7.O-O e5 8.Bg5 exd4
9.Nxd4 Nxd4 10.Qxd4 h6 11.Bd2 Bc5 12.Qd3 O-O 13.Nc3 Ng4 14.b3 Re8 15.Rad1 Qe7
16.h3 Ne5 17.Qc2 Nc6 18.Nd5 Qd8 19.Bc3 Nb4 20.Qb2 Nxd5 21.Rxd5 f6 22.Rd2 Be6
23.Kh2 Qc8 24.Bd4 Bxd4 25.Qxd4 Bf7 26.f4 a4 27.Rc1 axb3 28.axb3 Ra3 29.Rc3 Qa8
30.c5 dxc5 31.Qxc5 c6 32.b4 Rxc3 33.Qxc3 Qa6 34.e4 Ra8 35.e5 Qc4 36.Qxc4 Bxc4
37.exf6 gxf6 38.g4 Ra2 39.Rd8+ Kf7 40.Kg3 Ke7 41.Rh8 Rb2 42.Rh7+ Bf7 43.Be4 Kf8
44.Rxh6 Rb3+ 45.Kh4 Rxb4 46.Bf5 Kg7 47.Rh7+ Kg8 48.Rh6 Kg7 49.Rh7+  1/2-1/2

[Event "Open"]
[Site "Teplice CZE"]
[Date "2010.06.18"]
[Round "7"]
[White "Kantorik,M"]
[Black "Ivanov,MM"]
[Result "1-0"]
[WhiteElo "2390"]
[BlackElo "2480"]

1.d4 Nf6 2.c4 e6 3.Nf3 Bb4+ 4.Bd2 a5 5.Qc2 d5 6.e3 O-O 7.Be2 c5 8.dxc5 Na6
9.O-O dxc4 10.Bxc4 Nxc5 11.Bxb4 axb4 12.Nbd2 b6 13.Nb3 Bb7 14.Qe2 Qc7 15.Nbd4 e5
16.Nb5 Qe7 17.Rfd1 e4 18.Ne1 Qe5 19.Rd6 Bc8 20.f4 exf3 21.Nxf3 Qe7 22.Rxb6 Bg4
23.h3 Bh5 24.Nbd4 Nce4 25.Qe1 Nd6 26.Bb3 Bxf3 27.Nxf3 Nf5 28.Nd4 Nxe3 29.Nc2 Rae8
30.Qxe3 Qxe3+ 31.Nxe3 Rxe3 32.Rxb4 Ne4 33.Rf1 h5 34.Bxf7+ Kh8 35.Bg6 Nf6
36.Bxh5 Ra8 37.Bg6 Re2 38.a4 Rd8 39.Kh1 Ng8 40.a5 Ne7 41.Be4 Kg8  1-0

[Event "Open"]
[Site "Teplice CZE"]
[Date "2010.06.18"]
[Round "7"]
[White "Spirin,O"]
[Black "Voloshin,L"]
[Result "1/2-1/2"]
[WhiteElo "2462"]
[BlackElo "2452"]

1.d4 Nf6 2.Nf3 e6 3.c4 Bb4+ 4.Bd2 Qe7 5.g3 Bxd2+ 6.Qxd2 d5 7.Qc2 O-O 8.Bg2 Rd8
9.O-O Nc6 10.cxd5 exd5 11.Nc3 Bg4 12.e3 Nb4 13.Qa4 c6 14.a3 Na6 15.Ne5 Nc7
16.b4 a6 17.Qb3 Bf5 18.Na4 Nb5 19.Nb6 Rab8 20.a4 Nd6 21.Rac1 Qe6 22.Nd3 Bxd3
23.Qxd3 Nd7 24.Nxd7 Rxd7 25.Rfe1 Re7 26.Rc2 f5 27.Rec1 g5 28.Bf1 f4 29.exf4 gxf4
30.Re2 Qf6 31.Rxe7 Qxe7  1/2-1/2

[Event "1st Open"]
[Site "Marrakesh MAR"]
[Date "2010.06.26"]
[Round "2"]
[White "Vernay,C"]
[Black "Meier,Geo"]
[Result "0-1"]
[WhiteElo "2442"]
[BlackElo "2638"]

1.d4 Nf6 2.c4 e6 3.Nf3 Bb4+ 4.Bd2 c5 5.Bxb4 cxb4 6.e3 b6 7.a3 bxa3 8.Nxa3 O-O
9.Nb5 a5 10.Bd3 Nc6 11.e4 Ba6 12.e5 Ne8 13.h4 h6 14.Ng5 f6 15.Nh7 Rf7 16.Bg6 fxe5
17.Bxf7+ Kxf7 18.dxe5 Kg8 19.Nf6+ gxf6 20.Ra3 Nxe5 21.Rg3+ Kf8 22.Qh5 Nf7
23.O-O Rc8 24.Rd1 Rxc4 25.Nd4 Qc7 26.Qg6 Rc1 27.Rxc1 Qxc1+ 28.Kh2 Qf4 29.Nf3 Bb7  0-1

[Event "1st Open"]
[Site "Marrakesh MAR"]
[Date "2010.06.27"]
[Round "3"]
[White "Hoffman,A"]
[Black "Sbia,B"]
[Result "1-0"]
[WhiteElo "2438"]
[BlackElo "1918"]

1.d4 Nf6 2.Nf3 e6 3.c4 Bb4+ 4.Bd2 a5 5.g3 d5 6.Qc2 O-O 7.Bg2 c5 8.O-O Nc6
9.cxd5 exd5 10.dxc5 Ne4 11.Be3 Qe7 12.Rc1 a4 13.a3 Ba5 14.Rd1 Be6 15.Nd4 Nxd4
16.Bxd4 Bf5 17.Qxa4 Bc3 18.Qb3 Bxd4 19.Rxd4 Qxc5 20.Qxd5 Qxd4 21.Qxd4 Rfd8
22.Qxd8+ Rxd8 23.Nc3 Nxc3 24.bxc3 b6 25.e4 Be6 26.Rb1 Kf8 27.Bf1 Rd6 28.Kg2 Ke7
29.Bb5 Kd8 30.Ba4 Bg4 31.Rb4 Be2 32.Rd4 Kc7 33.f4 Ba6 34.Kf2 b5 35.Rxd6 Kxd6
36.Bb3 Kc5 37.e5  1-0

[Event "IsBank TCh-TUR"]
[Site "Konya TUR"]
[Date "2010.06.30"]
[Round "2"]
[White "Komut,B"]
[Black "Kanli,K"]
[Result "1-0"]
[WhiteElo "2012"]
[BlackElo "1939"]

1.d4 Nf6 2.c4 e6 3.Nf3 Bb4+ 4.Bd2 Bxd2+ 5.Nbxd2 d6 6.e4 O-O 7.Bd3 Nc6 8.O-O e5
9.d5 Ne7 10.Ne1 Ng6 11.g3 Bh3 12.Ng2 Qd7 13.Qe2 Rae8 14.Rfc1 Qe7 15.b4 h6
16.Ne3 Nh7 17.f3 Qg5 18.Kh1 Qe7 19.Kg1 Qg5 20.Kh1 Bd7 21.c5 Rc8 22.Ndc4 Bb5
23.Na5 Bxd3 24.Qxd3 dxc5 25.bxc5 b6 26.cxb6 axb6 27.Nc6 Ra8 28.a4 Ne7 29.Nxe7+ Qxe7
30.Qc3 Ra7 31.Nf5 Qf6 32.Qc6 Rfa8 33.Rc4 Qd8 34.Rd1 Nf8 35.d6 cxd6 36.Rxd6 Qe8
37.Qxe8 Rxe8 38.Rxb6 Rea8 39.Rbb4 Ne6 40.Kg2 Kf8 41.Kf2 Ra5 42.Ke3 f6 43.Rc6 Nd8
44.Rc7 Ne6 45.Rc6 Nd8 46.Rd6 R5a7 47.g4 Kf7 48.a5 Ne6 49.Rbb6 Nd4 50.a6 Nxf5+
51.gxf5 Rc8 52.Rb7+ Rxb7 53.axb7 Rb8 54.Rd7+ Kg8 55.Kd3 Kh7 56.Kc4  1-0

[Event "IsBank TCh-TUR"]
[Site "Konya TUR"]
[Date "2010.06.30"]
[Round "3"]
[White "Atalik,S"]
[Black "Genc,C"]
[Result "0-1"]
[WhiteElo "2607"]
[BlackElo "2205"]

1.d4 Nf6 2.c4 e6 3.Nf3 Bb4+ 4.Bd2 c5 5.Bxb4 cxb4 6.g3 b6 7.Bg2 Bb7 8.O-O O-O
9.Nbd2 d5 10.cxd5 exd5 11.Ne5 Nc6 12.e3 Re8 13.f4 Ne7 14.Qb3 Qd6 15.g4 a5
16.a3 bxa3 17.bxa3 Ba6 18.Rfc1 Rec8 19.g5 Ne8 20.Bh3 Rxc1+ 21.Rxc1 Bc8 22.Bf1 Be6
23.Bb5 Kf8 24.Rc3 Rc8 25.Rxc8 Bxc8 26.Ne4 Qe6 27.Ng3 f6 28.Nf3 Nd6 29.Bf1 Ndf5
30.Nxf5 Nxf5 31.Bh3 Qc6 32.gxf6 gxf6 33.Qd3 Qc1+ 34.Kf2 Nd6 35.Bxc8 Ne4+
36.Ke2 Qxc8 37.f5 Qxf5 38.Qa6 Qh3 39.Qa8+ Kg7 40.Qb7+ Kh6  0-1

[Event "IsBank TCh-TUR"]
[Site "Konya TUR"]
[Date "2010.07.02"]
[Round "6"]
[White "Bayram,Y"]
[Black "Sengul,C"]
[Result "0-1"]
[WhiteElo "2288"]
[BlackElo "2188"]

1.d4 Nf6 2.c4 e6 3.Nf3 Bb4+ 4.Bd2 Qe7 5.g3 Nc6 6.Bg2 Bxd2+ 7.Nbxd2 d6 8.O-O a5
9.e4 e5 10.d5 Nb8 11.Ne1 O-O 12.Nd3 Na6 13.Qc2 Nd7 14.Rae1 Nac5 15.Nxc5 Nxc5
16.f4 f6 17.f5 Bd7 18.Nb3 Ba4 19.Bf3 c6 20.Qc3 Bxb3 21.axb3 cxd5 22.exd5 Qd7
23.Be4 b5 24.Bc2 Rfb8 25.g4 bxc4 26.bxc4 Qb7 27.b3 Nxb3 28.Bxb3 Qxb3 29.Qxb3 Rxb3
30.c5 dxc5 31.Rc1 a4 32.d6 Rd3 33.Rxc5 Rxd6 34.Ra1 a3 35.Ra2 Rd4 36.h3 Rd3
37.Kg2 Rb3 38.Rac2 Rbb8 39.Ra2 Rb3 40.Rac2 h5 41.Rc8+ Rxc8 42.Rxc8+ Kh7 43.Ra8 hxg4
44.hxg4 Kh6 45.Ra7 Kg5 46.Rxg7+ Kf4 47.g5 a2 48.Ra7 Rb2+ 49.Kh3 Kxg5 50.Kg3 Kxf5
51.Kf3 Ke6 52.Ke3 Kd5 53.Kd3 Rh2 54.Ra5+ Ke6 55.Ke4 f5+ 56.Kf3 Kd6 57.Ke3 Kc6
58.Ra8 Kc5 59.Kd3 e4+ 60.Kc3 Kd5  0-1

[Event "ch-SWE"]
[Site "Lund SWE"]
[Date "2010.07.03"]
[Round "1"]
[White "Brynell,S"]
[Black "Eriksson,A"]
[Result "1-0"]
[WhiteElo "2495"]
[BlackElo "2311"]

1.d4 Nf6 2.c4 e6 3.Nf3 Bb4+ 4.Bd2 Qe7 5.g3 O-O 6.Bg2 Bxd2+ 7.Qxd2 d6 8.Nc3 e5
9.O-O Re8 10.e4 Bg4 11.Ne1 Nc6 12.Nc2 Nxd4 13.Nxd4 exd4 14.Qxd4 Qe5 15.Qd2 Qc5
16.b3 a5 17.Rfe1 Bd7 18.Nd5 Nxd5 19.cxd5 c6 20.Red1 Rad8 21.dxc6 Bxc6 22.Rac1 Qa3
23.Rc4 h6 24.Rd4 Re6 25.Qc2 Rde8 26.h3 Qc5 27.Rc4 Qa3 28.Kh2 Bb5 29.Rcd4 Qc5
30.Qd2 Bc6 31.Rc4 Qa3 32.Rdc1 Bb5 33.Rd4 Bc6 34.Rc3 Rf6 35.Bf1 Rxe4 36.Rxc6 Rxd4
37.Rc8+ Kh7 38.Qxd4 Qxa2 39.Bd3+  1-0

[Event "IsBank TCh-TUR"]
[Site "Konya TUR"]
[Date "2010.07.05"]
[Round "8"]
[White "Ataman,A"]
[Black "Ari,Z"]
[Result "0-1"]
[WhiteElo "2191"]
[BlackElo "2184"]

1.d4 Nf6 2.c4 e6 3.Nf3 Bb4+ 4.Bd2 a5 5.Nc3 b6 6.g3 Bb7 7.Bg2 O-O 8.O-O d6
9.Qc2 Nbd7 10.Rad1 Bxc3 11.Bxc3 Be4 12.Qb3 Qc8 13.Ne1 Bxg2 14.Nxg2 Qa6 15.Ne3 Ne4
16.Be1 f5 17.Qb5 Qc8 18.Qc6 a4 19.Ng2 a3 20.b3 Ra6 21.Qb5 c6 22.Qb4 c5 23.Qb5 Rf7
24.f3 Nef6 25.Nf4 Nb8 26.d5 e5 27.Ne6 Ne8 28.b4 Nc7 29.Nxc7 Rxc7 30.Bf2 Nd7
31.Rb1 Ra8 32.bxc5 bxc5 33.Qb3 Qa6 34.Qd3 e4 35.Qc3 Ne5 36.Rb5 exf3 37.exf3 Qa4
38.Rc1 Re8 39.Ra5 Qd7 40.Qxa3 f4 41.Kg2 Qf5 42.Ra8 Rxa8 43.Qxa8+ Rc8 44.Qa3 h5
45.Qc3 Rf8 46.Rf1 g5 47.gxf4 gxf4 48.Rg1 Kh7 49.Kf1 Rb8 50.Qa3 Rb7 51.Kg2 Nd3
52.Be1 Rg7+ 53.Bg3 h4 54.Rd1 Ne5 55.Qb3 hxg3  0-1

[Event "IsBank TCh-TUR"]
[Site "Konya TUR"]
[Date "2010.07.05"]
[Round "9"]
[White "Acarbay,Ay"]
[Black "Aydogdu,A"]
[Result "0-1"]
[WhiteElo "1885"]
[BlackElo "2083"]

1.d4 Nf6 2.c4 e6 3.Nf3 Bb4+ 4.Bd2 a5 5.a3 Bxd2+ 6.Qxd2 Qe7 7.Nc3 d6 8.e3 e5
9.Qc2 O-O 10.Be2 Bg4 11.O-O Re8 12.Rac1 c6 13.Rfd1 Nbd7 14.Nh4 Bxe2 15.Qxe2 e4
16.Nf5 Qe6 17.Ng3 Rad8 18.h3 g6 19.Na4 h5 20.Qd2 h4 21.Ne2 Qf5 22.Rf1 Ra8
23.c5 d5 24.Nac3 Nh5 25.f3 exf3 26.Rxf3 Qg5 27.Rcf1 Re7 28.Qd3 Ndf6 29.Nf4 Ng3
30.Re1 Rae8 31.Qc2 Nf5 32.Qd2 Kg7 33.Nd1 Re4 34.Ref1 R4e7 35.Re1 Re4 36.Ref1 R4e7
37.Re1 Nh7 38.Rff1 Nf6 39.Rf3 Nh5 40.Ref1 Nhg3 41.Re1 Re4 42.Qf2 Nxd4 43.Nc3 Nxf3+
44.Qxf3 R4e5 45.Nd1 Re4  0-1

[Event "IsBank TCh-TUR"]
[Site "Konya TUR"]
[Date "2010.07.07"]
[Round "11"]
[White "Drozdovskij,Y"]
[Black "Margvelashvili,G"]
[Result "1/2-1/2"]
[WhiteElo "2625"]
[BlackElo "2529"]

1.d4 Nf6 2.c4 e6 3.Nf3 Bb4+ 4.Bd2 Bxd2+ 5.Nbxd2 O-O 6.g3 d6 7.Bg2 Qe7 8.O-O e5
9.e4 Bg4 10.Qb3 Bxf3 11.Nxf3 c5 12.dxe5 dxe5 13.Nh4 g6 14.f4 Nc6 15.Rae1 Rad8
16.Qc3 Nd4 17.Kh1 Kg7 18.b3 b6 19.Qb2 Rfe8 20.Kg1 Rd6 21.Bh3 Red8 22.Ng2 Nh5
23.Bg4 Nf6 24.Bh3 Nh5 25.Bg4 Nf6 26.Bh3 Nh5  1/2-1/2

[Event "IsBank TCh-TUR"]
[Site "Konya TUR"]
[Date "2010.07.08"]
[Round "13"]
[White "Drozdovskij,Y"]
[Black "Mchedlishvili,M"]
[Result "1/2-1/2"]
[WhiteElo "2625"]
[BlackElo "2630"]

1.d4 Nf6 2.c4 e6 3.Nf3 Bb4+ 4.Bd2 Bxd2+ 5.Qxd2 d5 6.g3 Nbd7 7.Bg2 c6 8.Qc2 b5
9.c5 Qe7 10.Nbd2 e5 11.dxe5 Nxe5 12.Nxe5 Qxe5 13.Nf3 Qe7 14.Nd4 Bd7 15.O-O a5
16.a4 b4 17.e3 O-O 18.Rfe1 Rfe8 19.f3 Qe5 20.Bf1 Re7 21.Bd3 Rae8 22.Bf5 Qc7
23.Kf2 Bxf5 24.Nxf5 Re5 25.Re2 Nd7 26.Nd4 Nf8 27.Rae1 Ne6 28.Nb3 h5 29.h4 Qa7
30.Nd4 Qd7 31.Kg2 Nxd4 32.exd4 Rxe2+ 33.Rxe2 Rxe2+ 34.Qxe2 Qf5 35.b3 Kh7
36.Qe3 Qc2+ 37.Kh3 Qf5+ 38.g4 Qc2 39.gxh5 Qc3 40.Qf4 Qxb3 41.Qf5+ Kg8 42.Qc8+ Kh7
43.Qf5+  1/2-1/2

[Event "IsBank TCh-TUR"]
[Site "Konya TUR"]
[Date "2010.07.08"]
[Round "13"]
[White "Tulay,B"]
[Black "Aydogdu,A"]
[Result "1/2-1/2"]
[WhiteElo "2163"]
[BlackElo "2083"]

1.d4 Nf6 2.Nf3 e6 3.c4 Bb4+ 4.Bd2 a5 5.g3 O-O 6.Bg2 Qe7 7.O-O Bxd2 8.Nbxd2 d6
9.Qc2 e5 10.e4 Bd7 11.Rfe1 Rc8 12.Qc3 Nc6 13.d5 Nb8 14.c5 Na6 15.cxd6 cxd6
16.Qxa5 Nc5 17.Qb6 Ra6 18.Qb4 Ra4 19.Qb6 Ra6 20.Qb4 Ra4 21.Qb6 Ra6  1/2-1/2

[Event "Sparkassen Open"]
[Site "Nettetal GER"]
[Date "2010.07.08"]
[Round "6"]
[White "Dallmann,V"]
[Black "Van der Valk,N"]
[Result "1/2-1/2"]
[WhiteElo "2000"]
[BlackElo "2091"]

1.d4 Nf6 2.c4 e6 3.Nf3 Bb4+ 4.Bd2 Qe7 5.g3 Nc6 6.Bg2 O-O 7.O-O Bxd2 8.Qxd2 a5
9.Nc3 d6 10.Rac1 Nb4 11.a3 Na6 12.Rfd1 Bd7 13.Ne5 c6 14.Nxd7 Nxd7 15.Na2 Nc7
16.b4 axb4 17.axb4 d5 18.b5 cxb5 19.cxd5 Nxd5 20.Bxd5 exd5 21.Nc3 Nb6 22.Nxb5 Nc4
23.Qf4 Qxe2 24.Re1 Qd2 25.Qxd2 Nxd2 26.Re7 Rab8 27.Rcc7 b6 28.Nd6 Nf3+ 29.Kg2 Nxd4
30.Nxf7 Nf5 31.Red7 Rbc8 32.Ra7 Ra8 33.Rac7  1/2-1/2